Normal view
MARC view
Entry Personal Name
001 - CONTROL NUMBER
- control field: 5831
003 - CONTROL NUMBER IDENTIFIER
- control field: OSt
005 - DATE AND TIME OF LATEST TRANSACTION
- control field: 20190520144558.0
008 - FIXED-LENGTH DATA ELEMENTS
- fixed length control field: 190520|| aca||aabn | a|a d
040 ## - CATALOGING SOURCE
- Original cataloging agency: OSt
- Transcribing agency: OSt
100 ## - HEADING--PERSONAL NAME
- Personal name: Guite, Kamkhenthang
670 ## - SOURCE DATA FOUND
- Source citation: Work cat.: (OSt): Guite, Kamkhenthang, Nature of federal bargain in the evolution and working of Indian federalism, 2019
